Green Day Lyrics - 80 - Statistics

General Stats
  • This quiz has been taken 24 times
  • The average score is 135 of 279
Answer Stats
80 % Correct
a
95%
I
89%
me
84%
me,
84%
My
74%
my
74%
do
68%
It
68%
it
68%
the
68%
all
63%
And
63%
and
63%
its
63%
on
63%
So
63%
can
58%
hear
58%
If
58%
if
58%
in
58%
mental
58%
no
58%
some
58%
stability
58%
end
53%
to
53%
you
53%
any
47%
anyone
47%
are
47%
as
47%
away,
47%
away
47%
be
47%
bitter
47%
Is
47%
one
47%
reaches
47%
sense
47%
she
47%
up
47%
80,
42%
But
42%
can't
42%
head,
42%
health
42%
like
42%
love
42%
myself
42%
Not
42%
not
42%
out
42%
please
42%
questions
42%
slap
42%
there
42%
your
42%
coming
37%
for
37%
got
37%
has
37%
I'm
37%
just
37%
keep
37%
makes
37%
air
32%
control,
32%
does
32%
Everything
32%
hurt
32%
long
32%
lose
32%
mind
32%
senses
32%
someone
32%
talking
32%
this
32%
too
32%
trust
32%
wanna
32%
admit
26%
against
26%
alone
26%
bang
26%
called
26%
cure
26%
disease
26%
enjoy
26%
far
26%
frustrated
26%
girls
26%
I'd
26%
left
26%
lock
26%
must
26%
now
26%
or
26%
sit
26%
strung
26%
taking
26%
that
26%
turn
26%
unglued
26%
wall
26%
wants
26%
Anxiety
21%
'Cause
21%
drunken
21%
fool
21%
goes
21%
gone
21%
guts
21%
open
21%
padded
21%
room
21%
seems
21%
should
21%
Sometimes
21%
spew
21%
wonder
21%
No matching quizzes found
Score Distribution
Percent of People with Each Score
Percentile by Number Answered
Your Score History
You have not taken this quiz